| 000 | 00569nam a2200181Ia 4500 | ||
|---|---|---|---|
| 005 | 20260601193219.0 | ||
| 008 | 260601s9999||||xx |||||||||||||| ||und|| | ||
| 020 |
_a978-981-99-5072-0 _qebk |
||
| 100 | _aHideyuki Suzuki | ||
| 245 | 0 | _aPhotonic Neural Networks with Spatiotemporal Dynamics | |
| 250 | _a1st ed. 2024 | ||
| 260 |
_aHeidelberg, Germany _bSpringer Nature _c2024 |
||
| 650 | _aComputer Science | ||
| 700 | _aJun Tanida | ||
| 700 | _aMasanori Hashimoto | ||
| 856 | _uhttps://link.springer.com/openurl?genre=book&isbn=978-981-99-5072-0 | ||
| 942 |
_cEB _2ddc |
||
| 999 |
_c55747 _d55747 |
||